Zhongguo feng jian tu di zhi du shi /

Saved in:
Bibliographic Details
Main Author: Lin, Ganquan.
Other Authors: Tong, Chao.
Format: Book
Language:Chinese
Published: Beijing : Zhongguo she hui ke xue chu ban she : Xin hua shu dian jing xiao, 1990-
Edition:Di 1 ban.
Subjects:
Tags: Add Tag
No Tags, Be the first to tag this record!
LEADER 01256cam a2200337 a 4500
001 007765708-X
005 20024617105648.0
008 920807m19909999cc b 000 0 chi
010 |a 92194523 /ACN 
020 |a 750040493X (v. 1) :  |c RMBY8.90 
035 0 |a ocm26250264 
040 |a DLC  |c DLC  |d MH-HY  |d CStRLIN 
050 0 0 |a HD923  |b .L56 1990 
100 1 |6 880-01  |a Lin, Ganquan. 
245 1 0 |6 880-02  |a Zhongguo feng jian tu di zhi du shi /  |c Lin Ganquan, Tong Chao zhu. 
250 |6 880-03  |a Di 1 ban. 
260 |6 880-04  |a Beijing :  |b Zhongguo she hui ke xue chu ban she :  |b Xin hua shu dian jing xiao,  |c 1990- 
300 |a v. <1 > ;  |c 21 cm. 
500 |a Colophon title also in pinyin: Zhongguo fengjian tudi zhidu shi. 
504 |a Includes bibliographical references. 
650 0 |a Land tenure  |z China  |x History. 
650 0 |a Land use  |x Government policy  |z China  |x History. 
700 1 |6 880-05  |a Tong, Chao. 
740 0 |a Zhongguo fengjian tudi zhidu shi. 
880 1 |6 100-01  |a 林甘泉. 
880 1 0 |6 245-02  |a 中国封建土地制度史 /  |c 林甘泉, 童超著. 
880 |6 250-03  |a 第1版. 
880 |6 260-04  |a 北京 :  |b 中国社会科学出版社 :  |b 新華書店经销,  |c 1990- 
880 1 |6 700-05  |a 童超. 
988 |a 20021103 
906 |0 DLC